[Event "26th Costa del Sol it"]
[Site "Rincon de la Victoria ESP"]
[Date "1987.??.??"]
[Round "1"]
[White "Bellon Lopez, Juan Manuel"]
[Black "Georgadze, Tamaz"]
[Result "1/2-1/2"]
[WhiteElo "2370"]
[BlackElo "2505"]
[EventDate "1987.03.24"]
[PlyCount "51"]

1.d4 e6 2.c4 f5 3.Nf3 Nf6 4.g3 c6 5.Bg2 d5 6.Qc2 Bd6 7.Bf4 Bxf4 8.gxf4 O-O
9.e3 b6 10.Nbd2 Bb7 11.b4 Nbd7 12.O-O a5 13.a3 Qe7 14.Qb3 Ne4 15.cxd5 Nxd2
16.Nxd2 cxd5 17.Rfc1 Qd6 18.bxa5 Rxa5 19.Qb4 Qxb4 20.axb4 Rxa1 21.Rxa1 Ra8
22.Rxa8+ Bxa8 23.Bf1 Bc6 24.Nb1 Nf6 25.Nc3 Kf8 26.f3 1/2-1/2

[Event "26th Costa del Sol it"]
[Site "Rincon de la Victoria ESP"]
[Date "1987.??.??"]
[Round "2"]
[White "Rodriguez Vargas, Orestes"]
[Black "Rodriguez Talavera, Juan Carlos"]
[Result "0-1"]
[WhiteElo "2455"]
[BlackElo "2385"]
[EventDate "1987.03.24"]
[PlyCount "70"]

1.d4 Nf6 2.Nf3 c5 3.d5 e6 4.c4 a6 5.a4 exd5 6.cxd5 d6 7.Nc3 g6 8.e4 Bg7 9.
Be2 Bg4 10.O-O O-O 11.Bf4 Bxf3 12.Bxf3 Qc7 13.Be2 Re8 14.Qc2 Nbd7 15.Bg3 
c4 16.f4 b5 17.axb5 axb5 18.Rxa8 Rxa8 19.Kh1 Rb8 20.Nd1 Re8 21.Nc3 Qa5 22.
Bf3 b4 23.Ne2 Qa6 24.Rc1 Nb6 25.Bf2 b3 26.Qb1 Nfd7 27.Nc3 Na4 28.Nxa4 Qxa4
29.e5 dxe5 30.f5 e4 31.Bxe4 c3 32.fxg6 Qxe4 33.gxf7+ Kxf7 34.bxc3 Qxb1 35.
Rxb1 Re2 0-1

[Event "26th Costa del Sol it"]
[Site "Rincon de la Victoria ESP"]
[Date "1987.??.??"]
[Round "2"]
[White "Georgadze, Tamaz"]
[Black "Hebden, Mark"]
[Result "0-1"]
[WhiteElo "2505"]
[BlackElo "2460"]
[EventDate "1987.03.24"]
[PlyCount "144"]

1.d4 Nf6 2.c4 c5 3.d5 b5 4.Nf3 g6 5.a4 bxc4 6.Nc3 d6 7.Nd2 Ba6 8.e4 Qa5 9.
f3 Bg7 10.Ra3 Nfd7 11.Nxc4 Bxc4 12.Bxc4 O-O 13.O-O Nb6 14.Be2 Na6 15.Bg5 
Rfb8 16.Bb5 Nc7 17.Bxe7 Nc8 18.Bh4 Nxb5 19.axb5 Qb4 20.Qe2 Bxc3 21.Rxc3 
Qxb5 22.Qe3 Qe8 23.Bf6 Nb6 24.Rb3 Nd7 25.Rxb8 Rxb8 26.Bc3 f6 27.Ra1 Rb7 
28.Ra6 Qe7 29.Rc6 Ne5 30.Rc8+ Kg7 31.Qe2 Nd7 32.g4 g5 33.h4 Ne5 34.Kg2 Qd7
35.Rc6 Rb6 36.hxg5 Nxc6 37.dxc6 Rxc6 38.Bxf6+ Kf8 39.Qb5 Rc7 40.Qb8+ Rc8 
41.Qb3 Qf7 42.Qd1 Qe6 43.Kg3 Rc7 44.Qd3 Rb7 45.Qa6 Qd7 46.Bc3 Ke8 47.Qd3 
d5 48.exd5 Qd6+ 49.f4 Rd7 50.Qe4+ Kd8 51.Bf6+ Kc8 52.Qe8+ Kb7 53.g6 hxg6 
54.Qxg6 Qxd5 55.Kh4 a5 56.Be5 a4 57.Kg5 c4 58.Qe8 Rd8 59.Qe7+ Ka6 60.f5 
Rg8+ 61.Bg7 Kb5 62.Kh5 Rc8 63.Bc3 Qh1+ 64.Kg6 Qc6+ 65.Kg5 Rg8+ 66.Kf4 Re8 
67.Qb4+ Ka6 68.Qa5+ Kb7 69.Qb4+ Kc8 70.Be5 Qh6+ 71.Kf3 Rxe5 72.Qxc4+ Kd7 
0-1

[Event "26th Costa del Sol it"]
[Site "Rincon de la Victoria ESP"]
[Date "1987.??.??"]
[Round "2"]
[White "Todorcevic, Miodrag"]
[Black "Alvarez Ibarra, Rafael"]
[Result "1-0"]
[WhiteElo "2455"]
[BlackElo "2370"]
[EventDate "1987.03.24"]
[PlyCount "81"]

1.Nf3 c5 2.g3 Nc6 3.Bg2 g6 4.c3 Bg7 5.d4 cxd4 6.cxd4 d5 7.O-O Nf6 8.Nc3 
O-O 9.Ne5 e6 10.Bf4 Bd7 11.Qd2 Nxe5 12.dxe5 Nh5 13.Bg5 f6 14.exf6 Bxf6 15.
Bxf6 Nxf6 16.Rad1 Qb6 17.e3 Rac8 18.Qe2 Rc7 19.Rfe1 Bc6 20.Rd2 Qc5 21.Red1
b5 22.Rc2 Bd7 23.Rdc1 Qc4 24.Qd2 Qb4 25.a3 Qa5 26.b4 Qxa3 27.Nxd5 Rxc2 28.
Nxf6+ Rxf6 29.Rxc2 Rf7 30.Ra2 Qb3 31.Rxa7 Qb1+ 32.Bf1 Be8 33.Ra8 Rf8 34.h3
Qf5 35.Bg2 Bf7 36.Ra7 Rc8 37.g4 Qf6 38.g5 Qc3 39.Qxc3 Rxc3 40.Ra8+ Kg7 41.
Rb8 1-0

[Event "26th Costa del Sol it"]
[Site "Rincon de la Victoria ESP"]
[Date "1987.??.??"]
[Round "3"]
[White "Reyes, Juan"]
[Black "Rodriguez Vargas, Orestes"]
[Result "1/2-1/2"]
[WhiteElo "2430"]
[BlackElo "2455"]
[EventDate "1987.03.24"]
[PlyCount "57"]

1.e4 e5 2.Nf3 Nc6 3.Bb5 f5 4.exf5 e4 5.Qe2 Qe7 6.Bxc6 dxc6 7.Nd4 Qe5 8.c3 
Bd6 9.Na3 Bxa3 10.bxa3 Nf6 11.O-O Bxf5 12.d3 O-O 13.f3 e3 14.Nxf5 Qxf5 15.
Bxe3 Nd5 16.Qd2 Nxe3 17.Qxe3 Rfe8 18.Qd4 Rad8 19.Qc4+ Qd5 20.Qxd5+ Rxd5 
21.d4 c5 22.Rab1 b6 23.Rbc1 cxd4 24.cxd4 Rxd4 25.Rxc7 Re2 26.Kh1 a5 27.Rb7
Rxa2 28.Rxb6 Rxa3 29.h3 1/2-1/2

[Event "26th Costa del Sol it"]
[Site "Rincon de la Victoria ESP"]
[Date "1987.??.??"]
[Round "3"]
[White "Bellon Lopez, Juan Manuel"]
[Black "Todorcevic, Miodrag"]
[Result "0-1"]
[WhiteElo "2370"]
[BlackElo "2455"]
[EventDate "1987.03.24"]
[PlyCount "82"]

1.d4 g6 2.c4 Bg7 3.g3 d6 4.Bg2 Nd7 5.Nf3 e5 6.Nc3 Ne7 7.e4 exd4 8.Nxd4 Nc6
9.Nxc6 bxc6 10.O-O O-O 11.Qd2 Ne5 12.b3 Qf6 13.Bb2 Nf3+ 14.Bxf3 Qxf3 15.
Qd1 Bg4 16.Qxf3 Bxf3 17.Rfe1 Bd4 18.Na4 c5 19.e5 dxe5 20.Rac1 f5 21.Rc2 
Rae8 22.Ba3 f4 23.Bxc5 fxg3 24.Bxd4 gxh2+ 25.Kxh2 exd4 26.Rxe8 Rxe8 27.Rd2
Rd8 28.Kg3 Be4 29.Nc5 Bf5 30.Kf4 h5 31.b4 d3 32.Nb3 Be6 33.Na5 Kg7 34.Ke5 
Bf5 35.f3 h4 36.Kf4 Kf6 37.Ke3 h3 38.Nb3 Re8+ 39.Kf2 Re2+ 40.Kf1 Rxd2 41.
Nxd2 Ke5 0-1

[Event "26th Costa del Sol it"]
[Site "Rincon de la Victoria ESP"]
[Date "1987.??.??"]
[Round "4"]
[White "Rodriguez Vargas, Orestes"]
[Black "Georgadze, Tamaz"]
[Result "1/2-1/2"]
[WhiteElo "2455"]
[BlackElo "2505"]
[EventDate "1987.03.24"]
[PlyCount "30"]

1.d4 d5 2.c4 e6 3.Nc3 Be7 4.Nf3 Nf6 5.Bg5 h6 6.Bxf6 Bxf6 7.e3 O-O 8.Rc1 c6
9.Bd3 Nd7 10.O-O dxc4 11.Bxc4 c5 12.Ne4 cxd4 13.Nxf6+ Nxf6 14.Qxd4 Qxd4 
15.Nxd4 Bd7 1/2-1/2

[Event "26th Costa del Sol it"]
[Site "Rincon de la Victoria ESP"]
[Date "1987.??.??"]
[Round "4"]
[White "Cramling, Dan"]
[Black "Rodriguez Talavera, Juan Carlos"]
[Result "1-0"]
[WhiteElo "2420"]
[BlackElo "2385"]
[EventDate "1987.03.24"]
[PlyCount "89"]

1.c4 e6 2.Nc3 d5 3.d4 Nf6 4.Bg5 Be7 5.Nf3 h6 6.Bh4 O-O 7.e3 b6 8.Qc2 Bb7 
9.Bxf6 Bxf6 10.cxd5 exd5 11.O-O-O c5 12.dxc5 Nd7 13.c6 Bxc6 14.Nd4 Bb7 15.
g4 g6 16.h4 Qe7 17.g5 hxg5 18.hxg5 Bg7 19.Kb1 Rac8 20.Bh3 Rfd8 21.Qd2 Rc4 
22.f4 Bc8 23.Rdg1 Re8 24.Re1 a6 25.Bg2 Rd8 26.Bf1 Rc7 27.Bd3 Re8 28.Rhg1 
Qc5 29.Na4 Qa5 30.Nc3 Qc5 31.Na4 Qa5 32.Nc3 Qb4 33.a3 Qd6 34.f5 Bxd4 35.
exd4 Rxe1+ 36.Rxe1 gxf5 37.Bxf5 Nf8 38.Bc2 Qg3 39.Rh1 Ng6 40.Bxg6 fxg6 41.
Rf1 Rc6 42.Ka2 a5 43.a4 Ba6 44.Nb5 Bxb5 45.axb5 1-0

[Event "26th Costa del Sol it"]
[Site "Rincon de la Victoria ESP"]
[Date "1987.??.??"]
[Round "4"]
[White "Todorcevic, Miodrag"]
[Black "Hebden, Mark"]
[Result "1-0"]
[WhiteElo "2455"]
[BlackElo "2460"]
[EventDate "1987.03.24"]
[PlyCount "109"]

1.Nf3 Nf6 2.g3 g6 3.Bg2 Bg7 4.O-O O-O 5.d4 d6 6.c3 Nc6 7.Nbd2 e5 8.dxe5 
dxe5 9.Qc2 Nd7 10.Nc4 Nc5 11.Be3 Bf5 12.Qc1 Na4 13.Rd1 Qe7 14.Bh6 Nb6 15.
Bxg7 Kxg7 16.Ne3 Be6 17.h4 f6 18.Qc2 a5 19.h5 f5 20.hxg6 hxg6 21.c4 e4 22.
Qc3+ Qf6 23.Ng5 Qxc3 24.Nxe6+ Kf6 25.bxc3 Kxe6 26.f3 Ne5 27.fxe4 fxe4 28.
Bxe4 c6 29.Bc2 Nbd7 30.Rd4 Nc5 31.Rad1 Rf6 32.Ng4 Nxg4 33.Rxg4 Kf7 34.Rg5 
b6 35.Re5 Re8 36.Bxg6+ Rxg6 37.Rf1+ Kg7 38.Rxe8 Rxg3+ 39.Kf2 Rxc3 40.Rb1 
Na4 41.Re4 Kf6 42.Rb3 Nc5 43.Rf4+ Ke5 44.Rxc3 Kxf4 45.Rh3 Ne4+ 46.Ke1 Ke5 
47.Rb3 Kd4 48.Rxb6 c5 49.Ra6 Kxc4 50.Rxa5 Kc3 51.Rb5 Kd4 52.Rb8 Nc3 53.a3 
c4 54.Kd2 Ne4+ 55.Kc2 1-0

[Event "26th Costa del Sol it"]
[Site "Rincon de la Victoria ESP"]
[Date "1987.??.??"]
[Round "4"]
[White "Reyes, Juan"]
[Black "Alvarez Ibarra, Rafael"]
[Result "1-0"]
[WhiteElo "2430"]
[BlackElo "2370"]
[EventDate "1987.03.24"]
[PlyCount "87"]

1.e4 e5 2.Nf3 Nc6 3.Bb5 f5 4.Nc3 fxe4 5.Nxe4 Nf6 6.Qe2 d5 7.Ng3 e4 8.d3 
Qe7 9.dxe4 Nxe4 10.Nxe4 Qxe4 11.Qxe4+ dxe4 12.Ne5 a6 13.Bxc6+ bxc6 14.Nxc6
Bd6 15.Be3 Bd7 16.Nd4 a5 17.O-O-O a4 18.h3 O-O 19.Ne2 Be6 20.Nc3 Be5 21.
Bd4 Bxd4 22.Rxd4 Rxf2 23.Rxe4 Bf5 24.Re2 Rxe2 25.Nxe2 Be4 26.Rh2 Rf8 27.g4
Rf3 28.a3 Kf7 29.Kd2 Kf6 30.h4 c5 31.Nc3 Bc6 32.Nd1 Bd7 33.Nf2 Ke5 34.Nd3+
Kd6 35.g5 Bb5 36.Rf2 Rh3 37.Rf4 Rh2+ 38.Nf2 Ke5 39.Ke3 Kd5 40.Kf3 Bf1 41.
Rxa4 c4 42.Ra7 Rxh4 43.Rd7+ Kc6 44.Rd1 1-0

[Event "26th Costa del Sol it"]
[Site "Rincon de la Victoria ESP"]
[Date "1987.??.??"]
[Round "5"]
[White "Rodriguez Talavera, Juan Carlos"]
[Black "Todorcevic, Miodrag"]
[Result "1-0"]
[WhiteElo "2385"]
[BlackElo "2455"]
[EventDate "1987.03.24"]
[PlyCount "101"]

1.d4 g6 2.e4 Bg7 3.Nf3 d6 4.c3 Nf6 5.Bd3 O-O 6.O-O Nbd7 7.h3 e5 8.Bg5 h6 
9.Be3 Qe7 10.Qc2 b6 11.Nbd2 Bb7 12.Rfe1 Rfe8 13.Rad1 a5 14.d5 Nh5 15.Bb5 
Rf8 16.Nf1 f5 17.exf5 gxf5 18.Ng3 Nxg3 19.fxg3 Qf7 20.Nh4 Nc5 21.Rf1 Bc8 
22.Bxc5 bxc5 23.Bd3 Qxd5 24.Nxf5 Bxf5 25.Rxf5 Qe6 26.Be4 Kh8 27.Bxa8 Rxf5 
28.Be4 Rf8 29.c4 Qf6 30.Qe2 Qg5 31.Kh2 Qe7 32.Rf1 Rf6 33.Rxf6 Bxf6 34.h4 
Qf8 35.Qg4 Be7 36.b3 Qg7 37.Qc8+ Bf8 38.Qa8 Qe7 39.Qxa5 Qd8 40.Qd2 Qd7 41.
Qe2 Kg7 42.Qf3 Be7 43.Bf5 Qe8 44.Qg4+ Kh8 45.Be4 Qf7 46.a4 c6 47.Bxc6 Bd8 
48.Bd5 Qf8 49.Qd7 Ba5 50.Be4 Qg7 51.Qxd6 1-0

[Event "26th Costa del Sol it"]
[Site "Rincon de la Victoria ESP"]
[Date "1987.??.??"]
[Round "5"]
[White "Georgadze, Tamaz"]
[Black "Cramling, Dan"]
[Result "1/2-1/2"]
[WhiteElo "2505"]
[BlackElo "2420"]
[EventDate "1987.03.24"]
[PlyCount "49"]

1.d4 Nf6 2.c4 d6 3.Nc3 Nbd7 4.g3 e5 5.e3 exd4 6.exd4 d5 7.cxd5 Nb6 8.Bg2 
Nfxd5 9.Nge2 Be7 10.O-O O-O 11.Ne4 c6 12.h3 Re8 13.a3 Nf6 14.N2c3 Nxe4 15.
Nxe4 Nd5 16.Nc5 Bf6 17.Qd3 Nc7 18.Rd1 Ne6 19.Nb3 a5 20.a4 Nc7 21.Bd2 Nd5 
22.Re1 Rxe1+ 23.Rxe1 b6 24.Qc2 Bd7 25.Bc3 1/2-1/2

[Event "26th Costa del Sol it"]
[Site "Rincon de la Victoria ESP"]
[Date "1987.??.??"]
[Round "6"]
[White "Rodriguez Vargas, Orestes"]
[Black "Cramling, Dan"]
[Result "0-1"]
[WhiteElo "2455"]
[BlackElo "2420"]
[EventDate "1987.03.24"]
[PlyCount "77"]

1.d4 Nf6 2.Nf3 g6 3.Bg5 Bg7 4.Nbd2 c5 5.dxc5 Qa5 6.c3 Qxc5 7.e4 O-O 8.Bd3 
d6 9.h3 Nbd7 10.O-O b6 11.a4 a6 12.Qe2 Bb7 13.Rfc1 Qc7 14.a5 b5 15.b4 h6 
16.Bf4 Rac8 17.Rab1 Qb8 18.c4 bxc4 19.Rxc4 Rxc4 20.Bxc4 Qa8 21.Re1 e5 22.
Bg3 Nxe4 23.Nxe4 d5 24.Nd6 dxc4 25.Qxc4 Bd5 26.Qc7 e4 27.Nd2 Nf6 28.N2c4 
Qc6 29.Qxc6 Bxc6 30.Be5 Rb8 31.Nb6 Nd5 32.Nxd5 Bxd5 33.Bxg7 Kxg7 34.Rd1 
Bb3 35.Rd4 f5 36.b5 axb5 37.Rb4 Bc4 38.a6 Ra8 39.Nxb5 0-1

[Event "26th Costa del Sol it"]
[Site "Rincon de la Victoria ESP"]
[Date "1987.??.??"]
[Round "6"]
[White "Todorcevic, Miodrag"]
[Black "Georgadze, Tamaz"]
[Result "1-0"]
[WhiteElo "2455"]
[BlackElo "2505"]
[EventDate "1987.03.24"]
[PlyCount "147"]

1.e4 e5 2.Nf3 d6 3.d4 exd4 4.Qxd4 Ne7 5.Be3 Nbc6 6.Qd2 d5 7.Bb5 Be6 8.Nc3 
dxe4 9.Nd4 a6 10.Nxe6 fxe6 11.Bc4 Qxd2+ 12.Bxd2 Nd4 13.O-O-O b5 14.Bf1 Nd5
15.Nxe4 Be7 16.Bg5 Nf5 17.c4 Nf6 18.Bxf6 gxf6 19.cxb5 axb5 20.Bxb5+ Kf7 
21.Nc3 Nd6 22.Ba4 Ne4 23.Nxe4 Rxa4 24.Nc3 Rc4 25.Rd3 Rg8 26.g3 e5 27.Kb1 
Rb8 28.Rc1 Ke6 29.f3 h5 30.Rc2 f5 31.Re2 Bd6 32.Nd5 Rg8 33.b3 Rc5 34.Nf4+ 
Kf7 35.Ng2 Rb8 36.Rc2 Rxc2 37.Kxc2 Ke6 38.a4 Be7 39.Ne3 c6 40.Nc4 Bc5 41.
Rd1 Bb4 42.a5 Ra8 43.Ra1 Ra6 44.Ra4 Bc5 45.b4 Bg1 46.Ra1 Bxh2 47.Rh1 Bxg3 
48.Rxh5 Bf4 49.Rh8 e4 50.fxe4 fxe4 51.Re8+ Kd5 52.Kc3 Bc7 53.Rg8 Ra7 54.
Rg5+ Ke6 55.Rg6+ Kd7 56.Kb3 Rb7 57.Ka4 e3 58.Rg7+ Kc8 59.Nxe3 Bd6 60.Rg4 
Kb8 61.Nf5 Bf8 62.Rc4 Rc7 63.Nd4 Kb7 64.Ne6 Rc8 65.Rf4 Bd6 66.Rf7+ Ka8 67.
Rd7 Bg3 68.Kb3 Bf2 69.Kc4 Bg3 70.Rd8 Kb8 71.Rxc8+ Kxc8 72.Kc5 Kd7 73.Kb6 
Kxe6 74.Kxc6 1-0

[Event "26th Costa del Sol it"]
[Site "Rincon de la Victoria ESP"]
[Date "1987.??.??"]
[Round "6"]
[White "Reyes, Juan"]
[Black "Hebden, Mark"]
[Result "0-1"]
[WhiteElo "2430"]
[BlackElo "2460"]
[EventDate "1987.03.24"]
[PlyCount "57"]

1.e4 e5 2.Nf3 Nc6 3.Bb5 a6 4.Ba4 Nf6 5.O-O Be7 6.d3 b5 7.Bb3 d6 8.c3 O-O 
9.Nbd2 Na5 10.Bc2 c5 11.Re1 Re8 12.Nf1 h6 13.Ng3 Bf8 14.h3 g6 15.a4 Bb7 
16.d4 cxd4 17.cxd4 exd4 18.axb5 axb5 19.Nxd4 Qc7 20.Qd3 d5 21.e5 Ne4 22.e6
Bg7 23.Nxe4 dxe4 24.exf7+ Kxf7 25.Qxb5 Bxd4 26.Rxa5 Bxf2+ 27.Kh1 Rxa5 28.
Bb3+ Ke7 29.Qc4 0-1

[Event "26th Costa del Sol it"]
[Site "Rincon de la Victoria ESP"]
[Date "1987.??.??"]
[Round "6"]
[White "Alvarez Ibarra, Rafael"]
[Black "Bellon Lopez, Juan Manuel"]
[Result "1/2-1/2"]
[WhiteElo "2370"]
[BlackElo "2370"]
[EventDate "1987.03.24"]
[PlyCount "61"]

1.e4 c6 2.d4 d5 3.exd5 cxd5 4.c4 Nf6 5.Nc3 Be6 6.Nge2 dxc4 7.Nf4 Bc8 8.
Bxc4 e6 9.O-O Bd6 10.d5 e5 11.Nh5 Nxh5 12.Qxh5 O-O 13.Ne4 Qe7 14.Bg5 f6 
15.Bd2 a5 16.Rac1 Bd7 17.Qe2 Bf5 18.Nxd6 Qxd6 19.Qf3 Bg6 20.Qb3 b6 21.Be3 
Nd7 22.Bb5 Bf7 23.Rfd1 Nc5 24.Bxc5 bxc5 25.Qc3 Rac8 26.Bc6 Rfd8 27.Qxc5 
Bh5 28.Qxd6 Rxd6 29.Rd3 Kf8 30.Rc5 Be8 31.g3 1/2-1/2

[Event "26th Costa del Sol it"]
[Site "Malaga ESP"]
[Date "1987.??.??"]
[Round "7"]
[White "Bellon Lopez, Juan Manuel"]
[Black "Rodriguez Vargas, Orestes"]
[Result "1/2-1/2"]
[WhiteElo "2370"]
[BlackElo "2455"]
[EventDate "1987.03.24"]
[PlyCount "38"]

1.c4 e5 2.Nc3 Nf6 3.g3 d5 4.cxd5 Nxd5 5.Bg2 Nxc3 6.bxc3 Bc5 7.Ba3 Bxa3 8.
Qa4+ Bd7 9.Qxa3 Bc6 10.Nf3 Qe7 11.Qxe7+ Kxe7 12.O-O Nd7 13.Rab1 Rab8 14.d4
exd4 15.cxd4 Be4 16.Rb3 Rhe8 17.Rc1 c6 18.Ne1 Bxg2 19.Kxg2 Kd6 1/2-1/2

[Event "26th Costa del Sol it"]
[Site "Malaga ESP"]
[Date "1987.??.??"]
[Round "8"]
[White "Rodriguez Vargas, Orestes"]
[Black "Todorcevic, Miodrag"]
[Result "0-1"]
[WhiteElo "2455"]
[BlackElo "2455"]
[EventDate "1987.03.24"]
[PlyCount "84"]

1.d4 g6 2.e4 Bg7 3.Nf3 c6 4.h3 d6 5.Bd3 Nd7 6.O-O e5 7.c3 Ngf6 8.a4 O-O 9.
a5 Re8 10.Re1 d5 11.Bg5 dxe4 12.Bxe4 h6 13.Bxf6 Nxf6 14.Nbd2 Nxe4 15.Nxe4 
f5 16.Nc5 e4 17.Nd2 Rb8 18.Qa4 Kh7 19.Rad1 Re7 20.a6 b6 21.Nb7 Qc7 22.Re3 
Bxb7 23.axb7 Qxb7 24.Rde1 Bf6 25.Qc2 Rbe8 26.Nc4 Qd7 27.R3e2 h5 28.b4 Qe6 
29.Qa2 Qd5 30.Ne3 Qd7 31.d5 c5 32.bxc5 bxc5 33.Qc4 Qd6 34.Ra2 f4 35.Ra6 
Qe5 36.Nd1 Rd8 37.Nb2 Qxc3 38.Rxe4 Rxe4 39.Qxe4 Qxb2 40.Qxf4 Bg7 41.Qe4 
Rd6 42.Rxa7 Qd4 0-1

[Event "26th Costa del Sol it"]
[Site "Malaga ESP"]
[Date "1987.??.??"]
[Round "8"]
[White "Reyes, Juan"]
[Black "Georgadze, Tamaz"]
[Result "1/2-1/2"]
[WhiteElo "2430"]
[BlackElo "2505"]
[EventDate "1987.03.24"]
[PlyCount "33"]

1.e4 c5 2.Nf3 Nc6 3.d4 cxd4 4.Nxd4 g6 5.Nc3 Bg7 6.Nb3 Nf6 7.Be2 O-O 8.O-O 
b6 9.f4 Bb7 10.Bf3 Rc8 11.Kh1 d6 12.Be3 Qc7 13.Qd2 Qb8 14.Nd5 Rfe8 15.c3 
Nd7 16.Bg1 Bh6 17.Qf2 1/2-1/2

[Event "26th Costa del Sol it"]
[Site "Malaga ESP"]
[Date "1987.??.??"]
[Round "8"]
[White "Alvarez Ibarra, Rafael"]
[Black "Rodriguez Talavera, Juan Carlos"]
[Result "1/2-1/2"]
[WhiteElo "2370"]
[BlackElo "2385"]
[EventDate "1987.03.24"]
[PlyCount "48"]

1.e4 c5 2.Nf3 Nf6 3.Nc3 e6 4.d4 cxd4 5.Nxd4 Nc6 6.Ndb5 d6 7.Bf4 e5 8.Bg5 
a6 9.Na3 b5 10.Bxf6 gxf6 11.Nd5 f5 12.Bd3 Be6 13.c4 Qa5+ 14.Kf1 Bxd5 15.
cxd5 fxe4 16.Bxe4 Nd4 17.Nc2 Qa4 18.b3 Nxb3 19.axb3 Qxe4 20.f3 Qf5 21.Ne3 
Qf4 22.Qd3 Bg7 23.Nf5 O-O 24.Nxd6 e4 1/2-1/2

[Event "26th Costa del Sol it"]
[Site "Malaga ESP"]
[Date "1987.??.??"]
[Round "8"]
[White "Bellon Lopez, Juan Manuel"]
[Black "Hebden, Mark"]
[Result "0-1"]
[WhiteElo "2370"]
[BlackElo "2460"]
[EventDate "1987.03.24"]
[PlyCount "68"]

1.d4 Nf6 2.c4 c5 3.d5 b5 4.Nf3 g6 5.a4 b4 6.b3 Bg7 7.Bb2 O-O 8.g3 e6 9.
dxe6 fxe6 10.Bg2 d5 11.Nbd2 Bb7 12.e3 a5 13.Qc2 Nbd7 14.O-O Qe7 15.Ne5 
Nxe5 16.Bxe5 Bh6 17.h3 Rad8 18.Rad1 Rf7 19.f4 Nd7 20.Ba1 Nb6 21.Rfe1 Qf8 
22.Nf3 dxc4 23.Rxd8 Qxd8 24.Ne5 Bxg2 25.Nxf7 Kxf7 26.Kxg2 cxb3 27.Qxc5 
Nxa4 28.Qa7+ Kg8 29.Bd4 Nc3 30.Qa6 Qd5+ 31.Kh2 b2 32.Bxc3 bxc3 33.Qc8+ Bf8
34.Qxc3 Qa2 0-1

[Event "26th Costa del Sol it"]
[Site "Malaga ESP"]
[Date "1987.??.??"]
[Round "9"]
[White "Hebden, Mark"]
[Black "Rodriguez Vargas, Orestes"]
[Result "1-0"]
[WhiteElo "2460"]
[BlackElo "2455"]
[EventDate "1987.03.24"]
[PlyCount "115"]

1.e4 c5 2.f4 d5 3.Nc3 dxe4 4.Nxe4 e6 5.Nf3 Nc6 6.g3 Be7 7.Bg2 Nf6 8.Nf2 
O-O 9.b3 Nd5 10.Bb2 Bf6 11.Ne5 Nxe5 12.fxe5 Be7 13.Ne4 Bd7 14.c4 Nb4 15.
O-O Bc6 16.a3 Bxe4 17.Bxe4 Nc6 18.Bc3 g6 19.Qg4 Qc7 20.Rae1 Rad8 21.Bb1 
Nd4 22.h4 Rfe8 23.h5 Bf8 24.b4 Bg7 25.Qf4 Rd7 26.b5 Red8 27.g4 Rf8 28.Kg2 
Qd8 29.Rh1 Qe7 30.Qe3 Rfd8 31.Ref1 a6 32.a4 axb5 33.axb5 b6 34.Rf2 Ra7 35.
hxg6 hxg6 36.Qh3 Qg5 37.Qh7+ Kf8 38.Qxg6 Qxg6 39.Bxg6 Bxe5 40.g5 Bg7 41.
Ra1 Rdd7 42.Bxf7 Ke7 43.Rxa7 Rxa7 44.Bh5 Kd6 45.Bg4 Be5 46.Bxd4 cxd4 47.g6
Rg7 48.Bh5 d3 49.Rf3 Bd4 50.Rxd3 Kc5 51.Kf3 Kxc4 52.Ke4 e5 53.Be2 Kc5 54.
Rg3 Kd6 55.Kf5 e4 56.Kxe4 Be5 57.Rd3+ Ke6 58.Bg4+ 1-0